| 000 | 00679 a2200169 4500 | ||
|---|---|---|---|
| 003 | NUST | ||
| 005 | 20230717103630.0 | ||
| 040 | _cNust | ||
| 082 | _a551.3,FIS | ||
| 100 |
_aFisk, Dorothy _9113680 |
||
| 245 |
_aWeather in the making / _cDorothy Fisk |
||
| 260 |
_aLondon, _b Faber and Faber limited [ _c1940 |
||
| 300 |
_a234 p. incl. front., illus., diagrs. _b plates. 21 cm. |
||
| 505 | _aThis Great Globe Itself (Page-15), The Earths Atmosphere (Page-25), Temperature and Pressure (Page-45), Wind (Page-63), The Winds (Page-84), pain , Hail , and Snow (Page-102), Clouds (Page-123), Fog (Page-148). | ||
| 650 |
_aWeather in the making _9113681 |
||
| 942 |
_2ddc _cBK _k551.3,FIS |
||
| 999 |
_c183771 _d183771 |
||